<?xml version="1.0" encoding="UTF-8"?>
<record
    xmlns:xsi="http://www.w3.org/2001/XMLSchema-instance"
    xsi:schemaLocation="http://www.loc.gov/MARC21/slim http://www.loc.gov/standards/marcxml/schema/MARC21slim.xsd"
    xmlns="http://www.loc.gov/MARC21/slim">

  <leader>00386nam a2200169   4500</leader>
  <controlfield tag="003">OSt</controlfield>
  <controlfield tag="008">230105b           ||||| |||| 00| 0 eng d</controlfield>
  <datafield tag="020" ind1=" " ind2=" ">
    <subfield code="a">9789354600883</subfield>
  </datafield>
  <datafield tag="082" ind1=" " ind2=" ">
    <subfield code="a">332.66 GII</subfield>
  </datafield>
  <datafield tag="100" ind1=" " ind2=" ">
    <subfield code="a">GIRI S,Pratap</subfield>
  </datafield>
  <datafield tag="245" ind1=" " ind2=" ">
    <subfield code="a">Investment Banking</subfield>
  </datafield>
  <datafield tag="250" ind1=" " ind2=" ">
    <subfield code="a">4th Ed</subfield>
  </datafield>
  <datafield tag="260" ind1=" " ind2=" ">
    <subfield code="a">New Delhi</subfield>
    <subfield code="b">TMH</subfield>
    <subfield code="c">2021</subfield>
  </datafield>
  <datafield tag="300" ind1=" " ind2=" ">
    <subfield code="a">680</subfield>
  </datafield>
  <datafield tag="650" ind1=" " ind2=" ">
    <subfield code="a">Investment Banking</subfield>
  </datafield>
  <datafield tag="942" ind1=" " ind2=" ">
    <subfield code="2">ddc</subfield>
    <subfield code="c">REF</subfield>
  </datafield>
  <datafield tag="999" ind1=" " ind2=" ">
    <subfield code="c">11663</subfield>
    <subfield code="d">11663</subfield>
  </datafield>
  <datafield tag="952" ind1=" " ind2=" ">
    <subfield code="0">0</subfield>
    <subfield code="1">0</subfield>
    <subfield code="2">ddc</subfield>
    <subfield code="4">0</subfield>
    <subfield code="7">0</subfield>
    <subfield code="8">MBA</subfield>
    <subfield code="a">PIET</subfield>
    <subfield code="b">PIET</subfield>
    <subfield code="d">2022-12-09</subfield>
    <subfield code="e">International Book Centre</subfield>
    <subfield code="f">IN Rupees</subfield>
    <subfield code="g">985.00</subfield>
    <subfield code="k">IB/IN/851</subfield>
    <subfield code="l">0</subfield>
    <subfield code="o">332.66 GII</subfield>
    <subfield code="p">34323</subfield>
    <subfield code="r">2023-01-05 00:00:00</subfield>
    <subfield code="v">679.65</subfield>
    <subfield code="w">2022-12-09</subfield>
    <subfield code="y">REF</subfield>
  </datafield>
  <datafield tag="952" ind1=" " ind2=" ">
    <subfield code="0">0</subfield>
    <subfield code="1">0</subfield>
    <subfield code="2">ddc</subfield>
    <subfield code="4">0</subfield>
    <subfield code="7">0</subfield>
    <subfield code="8">MBA</subfield>
    <subfield code="a">PIET</subfield>
    <subfield code="b">PIET</subfield>
    <subfield code="d">2025-03-28</subfield>
    <subfield code="e">Zaffa Books</subfield>
    <subfield code="f">INR</subfield>
    <subfield code="g">1095.00</subfield>
    <subfield code="k">ZBD0591</subfield>
    <subfield code="l">2</subfield>
    <subfield code="o">332.66 GII</subfield>
    <subfield code="p">38827</subfield>
    <subfield code="r">2025-05-12 00:00:00</subfield>
    <subfield code="s">2025-04-29</subfield>
    <subfield code="v">744.75</subfield>
    <subfield code="w">2025-03-28</subfield>
    <subfield code="y">BK</subfield>
  </datafield>
  <datafield tag="952" ind1=" " ind2=" ">
    <subfield code="0">0</subfield>
    <subfield code="1">0</subfield>
    <subfield code="2">ddc</subfield>
    <subfield code="4">0</subfield>
    <subfield code="7">0</subfield>
    <subfield code="8">MBA</subfield>
    <subfield code="a">PIET</subfield>
    <subfield code="b">PIET</subfield>
    <subfield code="d">2025-03-28</subfield>
    <subfield code="e">Zaffa Books</subfield>
    <subfield code="f">INR</subfield>
    <subfield code="g">1095.00</subfield>
    <subfield code="k">ZBD0591</subfield>
    <subfield code="l">0</subfield>
    <subfield code="o">332.66 GII</subfield>
    <subfield code="p">38828</subfield>
    <subfield code="r">2025-04-01 00:00:00</subfield>
    <subfield code="v">744.75</subfield>
    <subfield code="w">2025-03-28</subfield>
    <subfield code="y">BK</subfield>
  </datafield>
</record>
